MARC details
| 000 -LEADER |
| fixed length control field |
02362cam a2200361 a 4500 |
| 001 - CONTROL NUMBER |
| control field |
16423634 |
| 005 - DATE AND TIME OF LATEST TRANSACTION |
| control field |
20110413160355.0 |
| 008 - FIXED-LENGTH DATA ELEMENTS--GENERAL INFORMATION |
| fixed length control field |
100819s2010 caua b 000 0 eng d |
| 020 ## - INTERNATIONAL STANDARD BOOK NUMBER |
| International Standard Book Number |
1584350873 |
| 020 ## - INTERNATIONAL STANDARD BOOK NUMBER |
| International Standard Book Number |
9781584350873 |
| 040 ## - CATALOGING SOURCE |
| Original cataloging agency |
UKM |
| Transcribing agency |
UKM |
| Modifying agency |
BTCTA |
| -- |
C#P |
| -- |
YDXCP |
| -- |
BWX |
| -- |
FDA |
| -- |
CDX |
| -- |
DLC |
| 041 1# - LANGUAGE CODE |
| Language code of text/sound track or separate title |
eng |
| Language code of original and/or intermediate translations of text |
ita |
| 082 04 - DEWEY DECIMAL CLASSIFICATION NUMBER |
| Classification number |
330.9051 |
| Edition number |
22 |
| Item number |
CRI |
| 130 0# - MAIN ENTRY--UNIFORM TITLE |
| Uniform title |
Crisi dell'economia globale. |
| Language of a work |
English. |
| 9 (RLIN) |
30298 |
| 245 10 - TITLE STATEMENT |
| Title |
Crisis in the Global Economy : |
| Remainder of title |
Financial Markets, Social Struggles, and New Political Scenarios / |
| Statement of responsibility, etc |
edited by Andrea Fumagalli and Sandro Mezzadra ; translated by Jason Francis McGimsey ; afterword by Antonio Negri. |
| 260 ## - PUBLICATION, DISTRIBUTION, ETC. (IMPRINT) |
| Place of publication, distribution, etc |
Los Angeles : |
| Name of publisher, distributor, etc |
Semiotext(e) ; |
| Place of publication, distribution, etc |
Cambridge, Mass. : |
| Name of publisher, distributor, etc |
Distributed by the MIT Press, |
| Date of publication, distribution, etc |
c2010. |
| 300 ## - PHYSICAL DESCRIPTION |
| Extent |
301 p. : |
| Other physical details |
ill. ; |
| Dimensions |
23 cm. |
| 490 1# - Series Statement |
| Series statement |
Semiotext(e) active agents series |
| -- |
30299 |
| 504 ## - BIBLIOGRAPHY, ETC. NOTE |
| Bibliography, etc |
Includes bibliographical references. |
| 505 00 - FORMATTED CONTENTS NOTE |
| Miscellaneous information |
Introduction / |
| Statement of responsibility |
Sandro Mezzadra -- |
| Title |
The violence of financial capitalism / |
| Statement of responsibility |
Christian Marazzi -- |
| Title |
The global economic crisis and socioeconomic governance / |
| Statement of responsibility |
Andrea Fumagalli -- |
| Title |
The crisis of the law of value and the becoming-rent of profit / |
| Statement of responsibility |
Carlo Vercellone -- |
| Title |
Financialization as biopower / |
| Statement of responsibility |
Stefano Lucarelli -- |
| Title |
On the threshold of capital, at the thresholds of the common / |
| Statement of responsibility |
Federico Chicchi -- |
| Title |
New economy, financialization and social production in the web 2.0 / |
| Statement of responsibility |
Tiziana Terranova -- |
| Title |
Cognitive capitalism and the financialization of economic systems / |
| Statement of responsibility |
Bernard Paulr�e -- |
| Title |
Global crisis : |
| -- |
global proletarianization : |
| -- |
counter-perspectives / |
| Statement of responsibility |
Karl Heinz Roth -- |
| Title |
Nothing will ever be the same : |
| -- |
ten theses on the financial crisis -- |
| Miscellaneous information |
Postface / |
| Statement of responsibility |
Antonio Negri. |
| 546 ## - LANGUAGE NOTE |
| Language note |
Translated from the Italian. |
| 650 #0 - SUBJECT ADDED ENTRY--TOPICAL TERM |
| Topical term or geographic name as entry element |
Financial crises. |
| 9 (RLIN) |
30300 |
| 650 #0 - SUBJECT ADDED ENTRY--TOPICAL TERM |
| Topical term or geographic name as entry element |
Capitalism. |
| 9 (RLIN) |
30301 |
| 650 #0 - SUBJECT ADDED ENTRY--TOPICAL TERM |
| Topical term or geographic name as entry element |
Globalization |
| General subdivision |
Economic aspects. |
| 9 (RLIN) |
30302 |
| 650 #0 - SUBJECT ADDED ENTRY--TOPICAL TERM |
| Topical term or geographic name as entry element |
Economic history |
| Chronological subdivision |
21st century. |
| 9 (RLIN) |
30303 |
| 650 #0 - SUBJECT ADDED ENTRY--TOPICAL TERM |
| Topical term or geographic name as entry element |
International economic relations. |
| 9 (RLIN) |
30304 |
| 653 ## - INDEX TERM--UNCONTROLLED |
| Resource For college |
|
| Arrived date list |
June2012 |
| 700 1# - ADDED ENTRY--PERSONAL NAME |
| Personal name |
Fumagalli, Andrea. |
| 9 (RLIN) |
30305 |
| 700 1# - ADDED ENTRY--PERSONAL NAME |
| Personal name |
Mezzadra, Sandro. |
| 9 (RLIN) |
30306 |
| 942 ## - ADDED ENTRY ELEMENTS (KOHA) |
| Source of classification or shelving scheme |
Dewey Decimal Classification |
| Item type |
Book - Borrowing |